000 00486nam a2200157 i 4500
001 84437
003 ES-MaACL
007 t|
008 041122s1944 sp ||||1| spa d
100 1 _aJimeno Gil, Emilio.
_966649
245 1 0 _aQuímica general /
_cEmilio Jimeno Gil.
250 _a2ª ed.
260 _aMadrid :
_bSociedad Anónima Española de Traductores y Autores,
_c1944 (
_fNuevas Gráficas)
300 _aXXIII, 482 p. :
_bil. ;
_c23 cm.
852 _aES-MaACL
_jE-2083
_bR.23162
999 _c84437
_d84437